"Casa Guzman" (Registro nro. 12373)

Detalles MARC
000 -LEADER
longitud fija campo de control 01089nam a22003257a 4500
003 - IDENTIFICADOR DE NUMERO DE CONTROL
control del campo AR-RoUNA
005 - FECHA DE LA ULTIMA MODIFICACION
control del campo 20260408062853.0
008 - CAMPO DE CONTROL - LIBROS
longitud fija campo de control 230817b |||||||| |||| 00| 0 spa d
040 ## - ORIGEN DE LA CATALOGACION
Agencia que cataloga la obra original AR-RoUNA
Idioma en que se cataloga spa
041 ## - CODIGO DE IDIOMA
Codigo de idioma del texto / sonido o titulo separado spa
044 ## - CODIGO DE PAIS / ENTIDAD PRODUCTORA
Codigo MARC del pais ag
100 0# - ASIENTO PRINCIPAL - NOMBRE PERSONAL
Nombre personal Abiega, Luisina
9 (RLIN) 25758
245 ## - TITULO PROPIAMENTE DICHO
Titulo "Casa Guzman"
Subtitulo Bs. As. 2264 - Rosario /
Mencion de responsabilidad, etc Luisina Abiega; Manuela Aramburu; tutor Florencia Sacchi
250 ## - MENCION DE EDICION
Edicion declarada 1a. ed.
260 ## - EDITORIAL - PUBLICACION, DISTRIBUCION, ETC. (Pie de imprenta)
Lugar de publicacion, distribucion, etc Rosario, Argentina ,
Fecha de publicacion 2018
300 ## - DESCRIPCION FISICA
Extension [s.p.]
Otros detalles fisicos gráficos,
-- plantas,
Dimensiones 30x22 cm
502 ## - NOTA DE PROYECTO
Nota de proyecto Proyecto Final de Carrera -- Facultad de Arquitectura, Planeamiento y Diseño -- Universidad Nacional de Rosario
610 1# - MATERIA - NOMBRE CORPORATIVO
Nombre corporativo o de jurisdiccion como entrada Cátedra Arq. Horacio Panvini
9 (RLIN) 4766
650 ## - MATERIA - TERMINO TEMATICO
Termino tematico general Proyectos de arquitectura
9 (RLIN) 1990
650 ## - MATERIA - TERMINO TEMATICO
Termino tematico general Viviendas
9 (RLIN) 570
650 ## - MATERIA - TERMINO TEMATICO
Termino tematico general Proyectos de obras
9 (RLIN) 10575
651 #0 - MATERIA - NOMBRE GEOGRAFICO
Termino geografico Rosario (Santa Fe, Argentina)
9 (RLIN) 1246
700 ## - ENTRADA SECUNDARIA - NOMBRES PERSONALES
Nombre personal Aramburu, Manuela
9 (RLIN) 25759
700 ## - ENTRADA SECUNDARIA - NOMBRES PERSONALES
Nombre personal Sacchi, Florencia
Función Tut.
9 (RLIN) 23802
908 ## - SOPORTE
Soporte Imp
930 ## - ACCESION
Numero de accesion (NR) 0640
942 ## - FUENTE DE CLASIFICACION
Clasificacion Universal Decimal Classification
Tipo de item Proyectos finales
945 ## - INFORMACION DE PROCESAMIENTO
Fecha de ingreso o modificacion 2023-09-29
Codigo del operador MIA
980 ## - EQUIVALENCE OR CROSS-REFERENCE-SERIES STATEMENT--PERSONAL NAME/TITLE [LOCAL, CANADA]
Linkage 1
Personal name Maricel Allasia
Field link and sequence number
Miscellaneous information CRON CRON
Existencias
Estado retiro Estado perdido Sistema de clasificacion Estado general Restricciones de uso Biblioteca de origen Ubicacion actual Localizacion en estante Fecha de adquisicion Fuente de adquisicion Prestamos totales Signatura y librística Numero de inventario (BARCODE) Fecha ultima visto Numero de ejemplar Fecha del precio de reemplazo Tipo de elemento KOHA Nota no publica
Disponible Disponible cdu No dañado Ningun uso de restricciones Arq. Hilarión H. Larguia Arq. Hilarión H. Larguia HHL 01/04/2026 Don   728.3(821.6.17) Ab148 PFC0674 01/04/2026 ej. 1 01/04/2026 Proyectos finales